Available copies
- 2 of 2 copies available at Headquarters.
Current holds
0 current holds with 2 total copies.
| Location | Call Number / Copy Notes | Barcode | Shelving Location | Status | Due Date |
|---|---|---|---|---|---|
| Dansoman Library | 201 FIC/CHI | 000000942287 | Adult Fiction | Available | - |
| Frafraha Library | 201 FIC/CHI | 000000653008 | Adult Fiction | Available | - |
Record details
- ISBN: 9780593065709
- Physical Description: HARD COVER
- Publisher: LONDON BANTAM PRESS 2011
Search for related items by subject
| Subject: | MURDER-INVESTIGATION |
| LDR | 00620cam a2200205Ka 4500 | ||
|---|---|---|---|
| 001 | 4152 | ||
| 003 | HQ | ||
| 005 | 20200702142947.0 | ||
| 008 | 070101s enk er 1 eng d | ||
| 020 | . | ‡a9780593065709 | |
| 037 | . | ‡aBOOK AID | |
| 082 | . | ‡a FIC/CHI | |
| 100 | . | ‡aLEE CHILD | |
| 245 | . | ‡aTHE AFFAIR | |
| 260 | . | ‡aLONDON ‡bBANTAM PRESS ‡c2011 | |
| 300 | . | ‡aHARD COVER | |
| 365 | . | ‡a0 | |
| 650 | . | ‡aMURDER-INVESTIGATION | |
| 901 | . | ‡a4152 ‡bAUTOGEN ‡c4152 ‡tbiblio | |

Add to basket
Permalink
Disable Highlighting